Baby animals
| Main Author: | |
|---|---|
| Other Authors: | |
| Format: | Book |
| Published: |
Manchester :
World International Publishing Limited ,
19--?
|
| Series: | Little owl easy learners
|
| Subjects: |
MARC
| LEADER | 00000cam a2200000 7i4500 | ||
|---|---|---|---|
| 001 | 0000008043 | ||
| 002 | 000008778 | ||
| 005 | 20071224.0 | ||
| 020 | |a 0723587728 | ||
| 090 | 0 | 0 | |a JF |b FIL |
| 100 | 1 | |a Filipek, Nina | |
| 245 | 1 | 0 | |a Baby animals |c Nina Filipek ; illustrated by Louise Barrell |
| 260 | |a Manchester : |b World International Publishing Limited , |c 19--? | ||
| 300 | |a p.v. : |b ill. ; |c 17cm. | ||
| 490 | 0 | |a Little owl easy learners | |
| 650 | 0 | 0 | |a Children's stories |
| 700 | 1 | |a Barrell, Louise , |e illustrated | |
| 999 | |a 019101 |b BUKU |c PINJAMAN |e PERPUSTAKAAN KOMUNITI PETALING JAYA | ||